[Event "Blitz RR (Mar 2016) 1500-1799 "]
[Site "SchemingMind.com"]
[Date "2016.02.29"]
[Round "-"]
[White "Simon Green"]
[Black "Scooter"]
[Result "1-0"]
[WhiteCountry "ENG"]
[BlackCountry "USA"]
[WhiteElo "1616"]
[WhiteRD "56"]
[BlackElo "1712"]
[BlackRD "48"]
[GameID "396028"]

1. d4 Nf6 2. e3 g6 3. Bd3 Bg7 4. f4 O-O 5. Nf3 b6 6. O-O Bb7 7. Nbd2 d5 8. Qe1 Nbd7 9. Ne5 e6 10. c3 c5
11. Ndf3 c4 12. Bc2 Rc8 13. b4 b5 14. a4 a6 15. a5 Nxe5 16. fxe5 Ne4 17. Bxe4 dxe4 18. Nd2 f5 19. exf6 Rxf6 20. Rxf6 Qxf6
21. Nf1 Rf8 22. Bd2 e5 23. Qg3 exd4 24. exd4 h5 25. Bg5 Qf5 26. Ne3 Qe6 27. Rf1 Rxf1+ 28. Nxf1 Bf6 29. Qb8+ Qc8 30. Qxc8+
1-0

[Event "Blitz RR (Mar 2016) 1500-1799 "]
[Site "SchemingMind.com"]
[Date "2016.03.05"]
[Round "-"]
[White "Quaff"]
[Black "Wojtek26"]
[Result "1/2-1/2"]
[WhiteCountry "ENG"]
[BlackCountry "POL"]
[WhiteElo "1671"]
[WhiteRD "66"]
[BlackElo "1547"]
[BlackRD "48"]
[GameID "396351"]

1. e4 e5 2. Nf3 Nc6 3. Bc4 Nf6 4. d3 Bc5 5. c3 O-O 6. Bg5 h6 7. Bh4 Be7 8. Nbd2 a6 9. a3 Ne8 10. Bxe7 Nxe7
11. Nxe5 d5 12. Ba2 dxe4 13. Nxe4 Nd6 14. Nxd6 Qxd6 15. d4 Be6 16. O-O Ng6 17. f4 Bxa2 18. Rxa2 Nxe5 19. fxe5 Qd5 20. Ra1 Rae8
21. Qc2 a5 22. Rae1 Re6 23. Re2 Rg6 24. Rff2 f6 25. exf6 Rfxf6 26. Rxf6 Rxf6 27. Re5 Qf7 28. Qe2 g5 29. Re8+ Kg7 30. Re7 Rf1+
31. Qxf1 Qxe7 32. h3 Qe3+ 33. Qf2 Qe7 34. g4 Qe4 35. Kf1 Qb1+ 36. Kg2 Qe4+ 37. Qf3 Qc2+ 38. Qf2 Qe4+ 39. Kg1 Qb1+ 40. Kh2 Qe4
41. Qd2 Qe6 42. Kg3 Qd6+ 43. Kg2 Qd5+ 44. Kh2 Qd6+ 45. Kg2=
1/2-1/2

[Event "Blitz RR (Mar 2016) 1500-1799 "]
[Site "SchemingMind.com"]
[Date "2016.03.05"]
[Round "-"]
[White "Wojtek26"]
[Black "Quaff"]
[Result "1/2-1/2"]
[WhiteCountry "POL"]
[BlackCountry "ENG"]
[WhiteElo "1578"]
[WhiteRD "50"]
[BlackElo "1633"]
[BlackRD "69"]
[GameID "396352"]

1. d4 c6 2. c4 e6 3. e3 d5 4. Nf3 Nf6 5. Bd3 Bb4+ 6. Bd2 Bxd2+ 7. Nbxd2 Nbd7 8. O-O Nf8 9. c5 Ng6 10. a3 Bd7
11. b4 Ng4 12. h3 Nh6 13. Bxg6 fxg6 14. Qc2 Qf6 15. Ne5 Rd8 16. Ndf3 O-O 17. Nxd7 Rxd7 18. Ne5 Rdd8 19. Rac1 Nf7 20. Nxf7 Qxf7
21. Qe2 a6 22. a4 Ra8 23. a5 Rae8 24. f4 Qf5 25. Qg4 Qxg4 26. hxg4 h6=
1/2-1/2

[Event "Blitz RR (Mar 2016) 1500-1799 "]
[Site "SchemingMind.com"]
[Date "2016.03.09"]
[Round "-"]
[White "emvarela"]
[Black "Wojtek26"]
[Result "1-0"]
[WhiteCountry "ARG"]
[BlackCountry "POL"]
[WhiteElo "1658"]
[WhiteRD "48"]
[BlackElo "1547"]
[BlackRD "48"]
[GameID "396353"]

1. e4 e5 2. Nf3 Nc6 3. Bb5 d6 4. d4 Bd7 5. Nc3 exd4 6. Nxd4 Nxd4 7. Bxd7+ Qxd7 8. Qxd4 Nf6 9. f3 Be7 10. Be3 c5
11. Qa4 Qxa4 12. Nxa4 O-O 13. O-O-O b5 14. Nc3 a6 15. Nd5 Nxd5 16. Rxd5 b4 17. e5 dxe5 18. Rxe5 Bf6 19. Rxc5 Rfc8 20. Rxc8+ Rxc8
21. Rd1 g6 22. Rd6 Be5 23. Rxa6 Bxh2 24. Rb6 Rb8 25. Rxb8+ Bxb8 26. Bc5 f5 27. Bxb4 Kf7 28. a4 Ke6 29. Kd2 Kd5 30. Kd3
1-0

[Event "Blitz RR (Mar 2016) 1500-1799 "]
[Site "SchemingMind.com"]
[Date "2016.03.09"]
[Round "-"]
[White "Wojtek26"]
[Black "emvarela"]
[Result "0-1"]
[WhiteCountry "POL"]
[BlackCountry "ARG"]
[WhiteElo "1547"]
[WhiteRD "48"]
[BlackElo "1658"]
[BlackRD "48"]
[GameID "396354"]

1. d4 Nf6 2. c4 g6 3. e3 Bg7 4. Nf3 d6 5. Bd3 O-O 6. O-O Bg4 7. h3 Bxf3 8. Qxf3 c6 9. a3 Nbd7 10. b4 e5
11. dxe5 Nxe5 12. Qe2 Nxd3 13. Qxd3 Nd7 14. Ra2 Ne5 15. Qc2 d5 16. c5 Nc4 17. Nd2 Nxd2 18. Qxd2 Qe7 19. Re1 Rfe8 20. Bb2 Bxb2
21. Rxb2 Rad8 22. Qc3 Qe5 23. Qxe5 Rxe5 24. Rc2 f5 25. Rd1 Rde8 26. Rcd2 Kf7 27. Rd4 Re4 28. Rxe4 Rxe4 29. Rd3 Ke6 30. f3 Rc4
31. Kf2 g5 32. g4 fxg4 33. fxg4 b6 34. Kf3 bxc5 35. bxc5 Rxc5 36. e4 dxe4+ 37. Kxe4 Re5+ 38. Kf3 Rd5 39. Rc3 Kd6 40. Rb3 a5
41. Ke3 Kc5 42. Rc3+ Kd6 43. Ke4 c5 44. Rb3 Re5+ 45. Kf3 c4 46. Rb6+ Kc5 47. Ra6 Kb5 48. Rh6 c3 49. Rxh7 c2
0-1

[Event "Blitz RR (Mar 2016) 1500-1799 "]
[Site "SchemingMind.com"]
[Date "2016.03.04"]
[Round "-"]
[White "Scooter"]
[Black "Wojtek26"]
[Result "1-0"]
[WhiteCountry "USA"]
[BlackCountry "POL"]
[WhiteElo "1712"]
[WhiteRD "48"]
[BlackElo "1578"]
[BlackRD "50"]
[GameID "396355"]

1. d4 d5 2. Nf3 e6 3. Bf4 Nf6 4. e3 Bb4+ 5. c3 Bd6 6. Bxd6 Qxd6 7. Be2 O-O 8. O-O Nc6 9. Nbd2 b6 10. h3 a5
11. Qc2 a4 12. e4 dxe4 13. Nxe4 Nxe4 14. Qxe4 Bb7 15. Bd3 g6 16. Qh4 f5 17. Ng5 Qe7 18. Rfe1 Nd8 19. Bc4 Bc8 20. Re5 Ra5
21. Rxa5 bxa5 22. Re1 f4 23. Qg4 Rf5 24. Nf3 Nf7 25. Nh4 Nh6 26. Qe2 Qxh4 27. Bxe6+ Bxe6 28. Qxe6+ Rf7 29. Qe8+ Kg7 30. Qe5+ Kg8
31. Qxa5 f3 32. Re8+ Kg7 33. Qe5+ Qf6 34. Qxf6+ Kxf6 35. Ra8 fxg2 36. Rxa4 Nf5 37. Kxg2 Re7 38. Ra6+ Kg5 39. Rc6 Nh4+ 40. Kg3 Nf5+
41. Kg2 Nh4+ 42. Kf1 Nf3 43. a4 Nd2+ 44. Kg2 Nb3 45. Rc4 Re2 46. Rxc7 Rxb2 47. Rb7 Kf5 48. a5 Rb1 49. a6 Nd2 50. Rxb1
1-0

[Event "Blitz RR (Mar 2016) 1500-1799 "]
[Site "SchemingMind.com"]
[Date "2016.03.04"]
[Round "-"]
[White "Wojtek26"]
[Black "Scooter"]
[Result "0-1"]
[WhiteCountry "POL"]
[BlackCountry "USA"]
[WhiteElo "1578"]
[WhiteRD "50"]
[BlackElo "1712"]
[BlackRD "48"]
[GameID "396356"]

1. d4 Nf6 2. c4 g6 3. e3 Bg7 4. Nf3 O-O 5. Be2 d6 6. O-O Bg4 7. h3 Bxf3 8. Bxf3 c6 9. Nc3 Nbd7 10. b4 e5
11. d5 cxd5 12. cxd5 e4 13. Be2 Nxd5 14. Qxd5 Bxc3 15. Rb1 Nf6 16. Qb3 Rc8 17. Bb2 Bxb2 18. Qxb2 Nd7 19. a4 Qf6 20. Bb5 Qxb2
21. Rxb2 Nf6 22. Rd1 a6 23. Be2 d5 24. b5 a5 25. Rbb1 b6 26. Rdc1 Nd7 27. Bd1 Nc5 28. Bb3 Nxb3 29. Rxc8 Rxc8 30. Rxb3 Rc4
31. Ra3 f5 32. g3 Kf7 33. Kf1 d4 34. exd4 Rxd4 35. Ke2 Ke6 36. Ke3 Kd5 37. Kf4 h6 38. h4 Kc4 39. g4 Rd3 40. Ra1 Kd4
41. gxf5 Rf3+ 42. Kg4 Rxf5 43. h5 Rxf2 44. hxg6 Rg2+ 45. Kh5 e3 46. Kxh6 e2 47. g7 Kd3 48. Ra3+ Kd2 49. Ra2+ Ke1 50. Ra1+ Kf2
51. Ra2 Kf1 52. Ra1+ e1=Q 53. Rxe1+ Kxe1 54. Kh7 Rh2+ 55. Kg6 Kd2 56. Kf7 Rf2+ 57. Ke6 Rg2 58. Kf7 Kc3
0-1

[Event "Blitz RR (Mar 2016) 1500-1799 "]
[Site "SchemingMind.com"]
[Date "2016.03.04"]
[Round "-"]
[White "kenneth m day"]
[Black "Wojtek26"]
[Result "0-1"]
[WhiteCountry "USA"]
[BlackCountry "POL"]
[WhiteElo "1674"]
[WhiteRD "52"]
[BlackElo "1547"]
[BlackRD "48"]
[GameID "396357"]

1. e4 e5 2. f4 exf4 3. Nf3 d6 4. d4 Nf6 5. Nc3 Be7 6. Bxf4 O-O 7. Bd3 Bg4 8. Qe2 Nc6 9. Be3 d5 10. O-O-O Bb4
11. Qd2 dxe4 12. h3 Bh5 13. g4 Bxc3 14. Qxc3 Bg6 15. Be2 exf3 16. Bxf3 Nd5 17. Qd2 Nxe3 18. Qxe3 Nb4 19. Rd2 Re8 20. Qb3 a5
21. a3 Nxc2 22. Rxc2 Bxc2 23. Qxc2 Qxd4 24. Bxb7 Rab8 25. Ba6 Rb6 26. Bd3 g6 27. Rd1 Qf4+ 28. Kb1 Rd8 29. Rf1 Qd4 30. Rd1 Rdb8
31. Kc1 Rxb2 32. Qxc7 Qe3+
0-1

[Event "Blitz RR (Mar 2016) 1500-1799 "]
[Site "SchemingMind.com"]
[Date "2016.03.04"]
[Round "-"]
[White "Wojtek26"]
[Black "kenneth m day"]
[Result "1-0"]
[WhiteCountry "POL"]
[BlackCountry "USA"]
[WhiteElo "1547"]
[WhiteRD "48"]
[BlackElo "1674"]
[BlackRD "52"]
[GameID "396358"]

1. d4 d5 2. c4 Nc6 3. e3 Nf6 4. Nf3 Bg4 5. c5 Qd7 6. Be2 O-O-O 7. Ne5 Nxe5 8. dxe5 Bxe2 9. Qxe2 Ne4 10. Nd2 Nxc5
11. O-O g5 12. b3 Bg7 13. Bb2 Qe6 14. Bd4 Nd7 15. Bxa7 Bxe5 16. Rac1 Qd6 17. Nf3 g4 18. Nxe5 Nxe5 19. Qb5 h5 20. Bc5 Qd7
21. Qa5 Nc6 22. Qa8+ Nb8 23. Ba7 Qd6 24. Qxb8+ Kd7 25. Qxb7 Ra8 26. Bc5 Qe5 27. Bd4 Rhb8 28. Qc6+ Kc8 29. Bxe5
1-0

[Event "Blitz RR (Mar 2016) 1500-1799 "]
[Site "SchemingMind.com"]
[Date "2016.03.05"]
[Round "-"]
[White "JimM"]
[Black "Wojtek26"]
[Result "0-1"]
[WhiteCountry "USA"]
[BlackCountry "POL"]
[WhiteElo "1672"]
[WhiteRD "77"]
[BlackElo "1547"]
[BlackRD "48"]
[GameID "396359"]

1. e4 e5 2. Nf3 Nc6 3. Bb5 d6 4. d4 exd4 5. Nxd4 Bd7 6. Nc3 Nxd4 7. Qxd4 Bxb5 8. Nxb5 Nf6 9. O-O b6 10. Bg5 h6
11. Bh4 a6 12. Nc3 Be7 13. Rfe1 O-O 14. Rad1 Nh7 15. Bg3 Bf6 16. Qe3 Ng5 17. e5 Be7 18. Nd5 dxe5 19. Nf6+ gxf6 20. Rxd8 Raxd8
21. f4 Bc5 22. Qxc5 bxc5 23. fxg5 hxg5 24. Re2 Rd1+ 25. Kf2 Rfd8 26. Ke3 R1d4 27. Bf2 R4d5 28. Kf3 Rd2 29. Bxc5 Rxe2 30. Kxe2 Rd5
31. Bb4 Rd4 32. c3 Rh4 33. h3 Rc4 34. g4 Kg7 35. Ke3 Kg6 36. a3 f5 37. Kf3 e4+ 38. Ke3 Rc6 39. Be7 Rb6 40. Bb4 Rb8
41. Kf2 c5 42. Bxc5 Rxb2+ 43. Kg3 Rb3 44. Bb4 Rb1 45. Kf2 Rb2+ 46. Kg1 f4 47. c4 e3 48. c5 Rc2 49. Kf1 a5 50. Bxa5 Rxc5
51. Bb4 Rc2 52. Kg1 Kf6 53. a4 f3
0-1

[Event "Blitz RR (Mar 2016) 1500-1799 "]
[Site "SchemingMind.com"]
[Date "2016.03.05"]
[Round "-"]
[White "Wojtek26"]
[Black "JimM"]
[Result "0-1"]
[WhiteCountry "POL"]
[BlackCountry "USA"]
[WhiteElo "1578"]
[WhiteRD "50"]
[BlackElo "1688"]
[BlackRD "77"]
[GameID "396360"]

1. d4 Nf6 2. c4 g6 3. Nf3 Bg7 4. e3 d6 5. Be2 O-O 6. O-O c5 7. Nbd2 cxd4 8. exd4 Nc6 9. Rb1 Be6 10. d5 Bf5
11. Ra1 Nb4 12. a3 Nd3 13. Ne1 Nxc1 14. Qxc1 Ne4 15. Nxe4 Bxe4 16. Bf3 Bf5 17. Qe3 Bxb2 18. Rb1 Bxb1 19. Qb3 Qb6 20. Qxb6 axb6
0-1

[Event "Blitz RR (Mar 2016) 1500-1799 "]
[Site "SchemingMind.com"]
[Date "2016.03.05"]
[Round "-"]
[White "Simon Green"]
[Black "Wojtek26"]
[Result "1-0"]
[WhiteCountry "ENG"]
[BlackCountry "POL"]
[WhiteElo "1616"]
[WhiteRD "56"]
[BlackElo "1578"]
[BlackRD "50"]
[GameID "396361"]

1. d4 d5 2. e3 Nf6 3. Bd3 e6 4. f4 Bd6 5. Nf3 O-O 6. O-O Nc6 7. c3 h6 8. Qe1 Ne7 9. Nbd2 c5 10. Ne5 c4
11. Bc2 Nd7 12. Qg3 Ng6 13. Nxg6 fxg6 14. Qxg6 Rf6 15. Qh7+ Kf8 16. Nf3 b5 17. Qh8+ Ke7 18. Qxg7+ Rf7 19. Qxh6 Qg8 20. Qh4+ Kf8
21. Qd8+ Kg7 22. Qxg8+ Kxg8 23. Bd2 Nf6 24. Ne5 Rg7 25. Rf3 Bxe5 26. fxe5 Ne4 27. Raf1 Bd7 28. Bxe4 dxe4 29. Rf6 Re8 30. R1f4 Bc6
31. a3 a5 32. Rh6 Rf7 33. Rg4+ Rg7 34. Rxg7+ Kxg7 35. Rf6 Bd7 36. Be1 Rf8 37. Rxf8 Kxf8 38. Bh4 a4 39. Bf6 Kg8 40. g4 Kh7
41. Kg2 Kg6 42. Kg3
1-0

[Event "Blitz RR (Mar 2016) 1500-1799 "]
[Site "SchemingMind.com"]
[Date "2016.03.05"]
[Round "-"]
[White "Wojtek26"]
[Black "Simon Green"]
[Result "0-1"]
[WhiteCountry "POL"]
[BlackCountry "ENG"]
[WhiteElo "1578"]
[WhiteRD "50"]
[BlackElo "1616"]
[BlackRD "56"]
[GameID "396362"]

1. d4 e6 2. e4 d5 3. e5 c5 4. Nf3 c4 5. c3 b5 6. a3 Nc6 7. b4 Be7 8. Be2 f5 9. Qd2 h6 10. Qc2 a5
11. Qb2 a4 12. O-O g5 13. Ne1 Bd7 14. Bh5+ Kf8 15. f4 Be8 16. Bxe8 Qxe8 17. fxg5 hxg5 18. Nf3 g4 19. Ne1 Qh5 20. g3 Nh6
21. Bxh6+ Rxh6 22. Qg2 Bg5 23. Ra2 Kf7 24. Kf2 Qxh2 25. Re2 Qxg2+ 26. Nxg2 Rah8 27. Ree1 Ne7 28. Ke2 Rh2 29. Kf2 Ng6 30. Rd1 f4
31. gxf4 Nxf4 32. Rg1 Nh3+ 33. Kg3 Bf4+ 34. Kxg4 Rg8+ 35. Kf3 Rg3+
0-1